Sainsbury's Supermarkets Ltd v (1) Olympia Homes Limited (2) Transco Plc (3) Westpac Banking Corporation (4) National Westminster Bank Plc (5) Alan Hughes (Record no. 75499)
[ view plain ]
| 000 -LEADER | |
|---|---|
| fixed length control field | 02511cab a2200289 4500 |
| 001 - CONTROL NUMBER | |
| control field | ##L130217 |
| 008 - FIXED-LENGTH DATA ELEMENTS--GENERAL INFORMATION | |
| fixed length control field | 050704n2005 000 0 eng u |
| 035 ## - SYSTEM CONTROL NUMBER | |
| System control number | (Sirsi) u130217 |
| 041 0# - LANGUAGE CODE | |
| Language code of text/sound track or separate title | eng |
| 245 ## - TITLE STATEMENT | |
| Title | Sainsbury's Supermarkets Ltd v (1) Olympia Homes Limited (2) Transco Plc (3) Westpac Banking Corporation (4) National Westminster Bank Plc (5) Alan Hughes |
| 260 ## - PUBLICATION, DISTRIBUTION, ETC. | |
| Date of publication, distribution, etc. | 2005 |
| 520 ## - SUMMARY, ETC. | |
| Summary, etc. | [2005] EWHC 1235 (Ch), 17 June 2005. Claimant (S) sought rectification of the land register to delete the title of the first defendant (O) to a plot of land or to ensure that the land was subject to an option in favour of S. Second defendant (T) had sold the unregistered land to fifth defendant (H), who entered into a deed of novation with S to make available part of the land to construct a roundabout. H's application for compulsory registration of the land was cancelled and third defendant (W) obtained a charging order over H's interest in the land and sold the land to O. S failed to justify its claim (as the Land Registry required) that its option under the deed of novation bound O. O was registered as proprietor to the freehold title to the land free from S's interest under the option. "Held": the option provision in the deed of novation gave rise to an equitable interest. The Land Registry had mistakenly registered O as the owner of the legal estate. O had at all material times believed that S was entitled to some of the land and under Sched 4 para 3.2(b) it was unjust not to rectify the register so as to register the option. Order made rectifying the register to record the claimant's rights under the deed of novation so far as they give rise to an enforceable estate contract. (See also L130446). |
| 590 ## - LOCAL NOTE (RLIN) | |
| Local note | IKA040705 |
| 650 24 - SUBJECT ADDED ENTRY--TOPICAL TERM | |
| Topical term or geographic name entry element | SAINSBURYS SUPERMARKETS LTD V OLYMPIA HOMES LTD AND OTHERS |
| 650 24 - SUBJECT ADDED ENTRY--TOPICAL TERM | |
| Topical term or geographic name entry element | LAND REGISTRATION RULES 1925 |
| 650 24 - SUBJECT ADDED ENTRY--TOPICAL TERM | |
| Topical term or geographic name entry element | LONDON AND SOUTH WESTERN RAILWAY CO LTD V GOMM |
| 650 24 - SUBJECT ADDED ENTRY--TOPICAL TERM | |
| Topical term or geographic name entry element | LAND CHARGES ACT 1972 |
| 650 24 - SUBJECT ADDED ENTRY--TOPICAL TERM | |
| Topical term or geographic name entry element | LONDON AND BLENHEIM ESTATES V LADBROKE RETAIL PARKS LTD |
| 650 24 - SUBJECT ADDED ENTRY--TOPICAL TERM | |
| Topical term or geographic name entry element | PEARCE V WATTS |
| 650 24 - SUBJECT ADDED ENTRY--TOPICAL TERM | |
| Topical term or geographic name entry element | LAW OF PROPERTY ACT 1925 |
| 650 24 - SUBJECT ADDED ENTRY--TOPICAL TERM | |
| Topical term or geographic name entry element | HORRILL AND OTHERS V COOPER |
| 650 24 - SUBJECT ADDED ENTRY--TOPICAL TERM | |
| Topical term or geographic name entry element | JAMES HAY PENSION TRUSTEES LTD V COOPER ESTATES LTD |
| 651 #4 - SUBJECT ADDED ENTRY--GEOGRAPHIC NAME | |
| Geographic name | England and Wales |
| Chronological subdivision | 1543- |
| 690 ## - LOCAL SUBJECT ADDED ENTRY--TOPICAL TERM (OCLC, RLIN) | |
| Topical term or geographic name as entry element | PROPERTY-PROPERTY ACQUISITION AND DISPOSAL-REGISTRATION OF TITLE TO PROPERTY-LAND REGISTRATION |
| 856 ## - ELECTRONIC LOCATION AND ACCESS | |
| Uniform Resource Identifier | <a href="https://www.bailii.org/ew/cases/EWHC/Ch/2005/1235.html">https://www.bailii.org/ew/cases/EWHC/Ch/2005/1235.html</a> |
| Public note | View the judgment free of charge at www.bailii.org... |
| 942 ## - ADDED ENTRY ELEMENTS (KOHA) | |
| Suppress in OPAC | 0 |
| Withdrawn status | Lost status | Source of classification or shelving scheme | Damaged status | Not for loan | Home library | Current library | Shelving location | Date acquired | Total Checkouts | Full call number | Barcode | Date last seen | Copy number | Price effective from | Koha item type |
|---|---|---|---|---|---|---|---|---|---|---|---|---|---|---|---|
| Dewey Decimal Classification | Virtual | Virtual | Online | 04/07/2005 | ONLINE PUBLICATION | 130217-2001 | 06/08/2019 | 1 | 06/08/2019 | Law report |